Statistics for A Lovely Night - Emma Stone and Ryan Gosling (La La Land, all lyrics)

Click here to take the quiz!

General Stats

  • This quiz has been taken 126 times
    (108 since last reset)
  • The average score is 154 of 176

Answer Stats

Lyric% Correct
The
100%
the
100%
I
99%
a
97%
A
97%
You
97%
you
97%
is
96%
Is
96%
on
96%
sun
96%
what
96%
What
96%
no
95%
that
95%
to
95%
love
94%
lovely
94%
night
94%
not
94%
so?
94%
so
94%
are
92%
be
92%
for
92%
me
92%
of
92%
some
92%
Some
92%
there's
92%
turning
92%
waste
92%
in
91%
lights
91%
nothing
91%
two
91%
And
90%
and
90%
But
90%
but
90%
gone
90%
that's
90%
That's
90%
This
90%
this
90%
who
90%
your
90%
nearly
88%
never
88%
clear
87%
could
87%
girl
87%
made
87%
make
87%
one
87%
something
87%
think
87%
all
86%
here?
86%
it
86%
other
86%
right
86%
view
86%
You're
86%
you're
86%
at
85%
know
85%
say
85%
shame
85%
call?
83%
call
83%
cute
83%
guy
83%
It's
83%
look
83%
only
83%
suit
83%
type
83%
fall
82%
got
82%
let's
82%
polyester
82%
We've
82%
we've
82%
Good
81%
I'll
81%
chance
79%
maybe
79%
shot
79%
sky
79%
Well
79%
wool
79%
would
79%
agree?
78%
romance
78%
sea
78%
tailor
78%
sight
77%
feeling
76%
I'd
76%
stumbled
76%
I'm
74%
spark
74%
less
73%
those
73%
any
72%
or
72%
Or
72%
someone
72%
than
72%
silver
71%
heels
69%
shine
69%
feels
68%
appeals
65%
frankly
64%
stretches
63%
swirling
56%
you'll
56%
though
47%

Score Distribution

Percentile by Number Answered

Percent of People with Each Score

Your Score History

You have not taken this quiz since the last reset